| 000 | 00625nam a2200193 a 4500 | ||
|---|---|---|---|
| 001 | 000023390 | ||
| 005 | 20200930022203.0 | ||
| 008 | 101206s1967 sp a r 000 f spa d | ||
| 040 |
_aDO-SdBNP _bspa _cBNPHU |
||
| 082 |
_a839.736 _bS456b |
||
| 100 | 1 |
_aSehlin, Gunhild, _948186 |
|
| 240 | 1 | 0 |
_aMarias lilla asna. _lEspañol. |
| 245 | 1 | 3 |
_aEl burrito de María / _cGunhild Sehlin ; traducción de Mariano Orta Manzano. |
| 260 |
_aBarcelona : _bJuventud, _c1967. |
||
| 300 |
_a113, [1] p. : _bil. ; _c20 cm. |
||
| 650 | 4 |
_aNovela sueca _932951 |
|
| 650 | 4 |
_aLiteratura sueca _944676 |
|
| 700 | 1 |
_aOrta Manzano, Mariano, _etr. _948187 |
|
| 999 |
_c22887 _d22887 |
||